| 000 | 00739cam a22002291 4500 | ||
|---|---|---|---|
| 001 | 000419735 | ||
| 003 | AM-YeHGA | ||
| 005 | 20250617133046.0 | ||
| 008 | 740610s1971 ||||||||||||||000|0|eng|d | ||
| 020 | _a07204 2265 5 | ||
| 040 | _aAM-YeHGA | ||
| 041 | 1 | _aeng | |
| 100 | 1 | _aKreisel, Georg | |
| 245 | 1 | 0 |
_aElements of mathematical logic : _b(Model theory) / _cG. Kreisel, J. L. Krivine. |
| 260 |
_aAmsterdam : _bNorth-Holland Publ. Co., _c1971. |
||
| 300 | _axvii, 231 p. | ||
| 490 | 1 | _aStudies in logic and the foundations of mathematics / Ed.: A. Heyting a.o. | |
| 650 | 0 | _aLogic, Symbolic and mathematical | |
| 700 | 1 | _aKrivine, Jean Louis | |
| 830 | 0 | _aStudies in logic and the foundations of mathematics | |
| 090 | _c161705 | ||
| 999 |
_c160301 _d160301 |
||